书目信息 |
| 题名: |
功和能
|
|
| 作者: | ;上海市物理学会中学物理教学研究委员会编 编 | |
| 分册: | ||
| 出版信息: | 上海 上海教育出版社 1969 |
|
| 页数: | 100页 | |
| 开本: | 19cm | |
| 丛书名: | ||
| 单 册: | ||
| 中图分类: | G634.7 , G633.7 | |
| 科图分类: | ||
| 主题词: | 功--高中--教学参考资料 , 能--高中--教学参考资料 , 教育--各级 | |
| 电子资源: | ||
| ISBN: | ||
| 000 | 00823nam0 2200277 45 | |
| 001 | 0178004656 | |
| 005 | 20030107224958.7 | |
| 010 | @dCNY0.26 | |
| 091 | @a7150.298 | |
| 100 | @a19950717e19781969em y0chiy0121 ea | |
| 101 | 0 | @achi |
| 102 | @aCN@b310000 | |
| 105 | @ay z 000yy | |
| 106 | @ar | |
| 200 | 10 | @a功和能@Agong he neng@f上海市物理学会中学物理教学研究委员会编 |
| 205 | @a新2版 | |
| 210 | @a上海@c上海教育出版社@d1969@h1978重印 | |
| 215 | @a100页@d19cm | |
| 606 | @a功@x高中@x教学参考资料 | |
| 606 | @a能@x高中@x教学参考资料 | |
| 606 | 0 | @a教育@x各级 |
| 690 | @aG634.7@v3 | |
| 690 | @aG633.7 | |
| 711 | 02 | @a上海市物理学会中学物理教学研究委员会编@Ashang hai shi wu li xue hui zhong xue wu li jiao xue yan jiu wei yuan hui bian@4编 |
| 801 | 0 | @aCN@bNLC@c20030107 |
| 905 | @f4@b67596-599@dG633.7@e18 | |
| 功和能/上海市物理学会中学物理教学研究委员会编.-新2版.-上海:上海教育出版社,1969(1978重印) |
| 100页;19cm |
| ISBN :CNY0.26 |
| ● |
| 相关链接 |
|
|
|
|
正题名:功和能
索取号:G633.7/18
 
预约/预借
| 序号 | 登录号 | 条形码 | 馆藏地/架位号 | 状态 | 备注 |
| 1 | 0067596 | 000619637 | 密集书库/ [索取号:G633.7/18] | 在馆 | |
| 2 | 0067597 | 000619682 | 密集书库/ [索取号:G633.7/18] | 在馆 | |
| 3 | 0067598 | 000619628 | 密集书库/ [索取号:G633.7/18] | 在馆 | |
| 4 | 0067599 | 000619619 | 密集书库/ [索取号:G633.7/18] | 在馆 |